[Event "Korcsoportos Bajnokság u16f"]
[Site "Balatonlelle"]
[Date "2015.06.22"]
[Round "5.1"]
[White "Gorcsi, Gabor"]
[Black "Marosi, Levente"]
[Result "0-1"]
[WhiteElo "2081"]
[BlackElo "2205"]
[PlyCount "100"]
[EventDate "2015.06.18"]
[EventType "swiss"]
[EventRounds "7"]
[EventCountry "HUN"]
[WhiteClock "0:17:19"]
[BlackClock "0:13:38"]

1. d4 Nf6 2. c4 g6 3. Nc3 Bg7 4. e4 d6 5. Bd3 Nbd7 6. Nge2 c5 7. d5 Ne5 8. O-O
e6 9. f4 Nxd3 10. Qxd3 O-O 11. dxe6 fxe6 12. Rd1 Ne8 13. e5 b6 14. exd6 Nf6 15.
Be3 Qd7 16. Rd2 Bb7 17. Rad1 Rae8 18. Ng3 Ng4 19. h3 Nxe3 20. Qxe3 Bh6 21. Qd3
Rxf4 22. Nce4 Ref8 23. Re2 Bg7 24. Kh2 Be5 25. a3 Bd4 26. b4 Kg7 27. bxc5 bxc5
28. Rdd2 e5 29. Qb3 Bc6 30. Qc2 h5 31. Ng5 Kh6 32. N3e4 Rf1 33. Rxd4 exd4 34.
Qd2 Kg7 35. Re1 Rxe1 36. Qxe1 Bxe4 37. Nxe4 Re8 38. Qh4 Qf5 39. d7 Rxe4 40.
d8=Q Rxh4 41. Qxh4 Qe5+ 42. Kg1 Qe3+ 43. Kf1 d3 44. Qe1 Qf4+ 45. Kg1 d2 46. Qd1
Qd4+ 47. Kh1 Qe3 48. Qa1+ Kg8 49. Kh2 Qd4 50. Qb1 Kg7 0-1

[Event "Korcsoportos Bajnokság u16f"]
[Site "Balatonlelle"]
[Date "2015.06.22"]
[Round "5.2"]
[White "Buzas, Bertalan"]
[Black "Ugroczky, Peter"]
[Result "0-1"]
[WhiteElo "2038"]
[BlackElo "2108"]
[PlyCount "72"]
[EventDate "2015.06.18"]
[EventType "swiss"]
[EventRounds "7"]
[EventCountry "HUN"]
[WhiteClock "0:03:13"]
[BlackClock "0:11:07"]

1. d4 d5 2. c4 e6 3. Nf3 Nf6 4. g3 c6 5. Bg2 Be7 6. O-O O-O 7. Nbd2 Nbd7 8. Qc2
b6 9. e4 dxe4 10. Nxe4 Nxe4 11. Qxe4 Bb7 12. Bf4 Nf6 13. Qc2 c5 14. Rfd1 Qc8
15. Be5 cxd4 16. Rxd4 Qc5 17. b4 Qc6 18. Rh4 h6 19. Qb2 Rfd8 20. Rf4 Qa4 21. a3
Rd1+ 22. Ne1 Bxg2 23. Kxg2 Rad8 24. Rxd1 Qxd1 25. Nf3 Rd3 26. Nd4 Rd2 27. Qc3
Qe1 28. Nc6 Bd6 29. a4 Ne4 30. Qa1 Qxa1 31. Bxa1 Bxf4 32. Kf3 Rxf2+ 33. Kxe4
f5+ 34. Kd4 Bg5 35. Kd3 Rd2+ 36. Kc3 Ra2 0-1

[Event "Korcsoportos Bajnokság u16f"]
[Site "Balatonlelle"]
[Date "2015.06.22"]
[Round "5.3"]
[White "Peczely, Sebastian Zsombor"]
[Black "Simon, Lili"]
[Result "0-1"]
[WhiteElo "2260"]
[BlackElo "2012"]
[PlyCount "70"]
[EventDate "2015.06.18"]
[EventType "swiss"]
[EventRounds "7"]
[EventCountry "HUN"]
[WhiteClock "0:10:08"]
[BlackClock "0:13:31"]

1. e4 e5 2. Nf3 Nc6 3. Bb5 a6 4. Ba4 Nf6 5. d3 d6 6. c4 g6 7. Nc3 Bg7 8. h3 O-O
9. Bg5 h6 10. Be3 Bd7 11. O-O Ne8 12. d4 f5 13. dxe5 dxe5 14. Qd2 f4 15. Bc5
Rf7 16. Rad1 Qc8 17. Nd5 Bxh3 18. gxh3 Qxh3 19. Qd3 g5 20. Rfe1 g4 21. Nh2 g3
22. Nf3 Bf8 23. Bxf8 Kxf8 24. Qf1 g2 25. Qxg2 Rg7 26. Qxg7+ Kxg7 27. Rd3 Qh5
28. Kg2 Qg4+ 29. Kf1 Kh7 30. Ke2 Nd4+ 31. Rxd4 exd4 32. Rg1 d3+ 33. Kf1 Qxf3
34. Bxe8 Rxe8 35. Nf6+ Kh8 0-1

[Event "Korcsoportos Bajnokság u16f"]
[Site "Balatonlelle"]
[Date "2015.06.22"]
[Round "5.4"]
[White "Papp, Tamas"]
[Black "Szilassi, Abel"]
[Result "1-0"]
[WhiteElo "2247"]
[BlackElo "2064"]
[PlyCount "119"]
[EventDate "2015.06.18"]
[EventType "swiss"]
[EventRounds "7"]
[EventCountry "HUN"]
[WhiteClock "0:39:36"]
[BlackClock "0:29:10"]

1. d4 d5 2. e4 e6 3. exd5 exd5 4. Bd3 Bd6 5. Nc3 c6 6. Nge2 Nf6 7. Bg5 O-O 8.
Qd2 Bg4 9. f3 Bh5 10. g4 Bg6 11. O-O-O Nbd7 12. h4 Qc7 13. h5 Bxd3 14. Qxd3
Rfe8 15. Bd2 Nf8 16. g5 N6d7 17. Rh4 Nb6 18. Kb1 Nc4 19. Bc1 b5 20. Nf4 Ne6 21.
Ng2 Be7 22. Rg4 Qh2 23. f4 Nf8 24. f5 Bd6 25. g6 fxg6 26. hxg6 b4 27. Na4 Qh5
28. Qf3 Re4 29. gxh7+ Kh8 30. Nf4 Bxf4 31. Rxf4 Qxf3 32. Rxf3 Rae8 33. b3 Na3+
34. Bxa3 bxa3 35. Kc1 Nxh7 36. Rc3 Rc8 37. Nc5 Rf4 38. Rh3 Kg8 39. Rdh1 Nf8 40.
Nb7 g6 41. fxg6 Nxg6 42. Rg3 Rf6 43. Nc5 Rcf8 44. Rh6 Kg7 45. Rhxg6+ Rxg6 46.
Ne6+ Kf7 47. Rxg6 Rh8 48. Nf4 Rh4 49. Rxc6 Rxf4 50. Rc7+ Ke6 51. Rxa7 Rxd4 52.
Rxa3 Kd6 53. Ra4 Rxa4 54. bxa4 Kc5 55. Kd2 Kc4 56. a5 Kb5 57. Kc3 Kxa5 58. Kd4
Kb4 59. Kxd5 Kc3 60. Kc5 1-0

[Event "Korcsoportos Bajnokság u16f"]
[Site "Balatonlelle"]
[Date "2015.06.22"]
[Round "5.5"]
[White "Polyik, Peter"]
[Black "Marta, Dominik"]
[Result "1-0"]
[WhiteElo "2143"]
[BlackElo "2145"]
[PlyCount "76"]
[EventDate "2015.06.18"]
[EventType "swiss"]
[EventRounds "7"]
[EventCountry "HUN"]
[WhiteClock "1:04:40"]
[BlackClock "0:13:59"]

1. d4 Nf6 2. c4 g6 3. Nc3 Bg7 4. e4 d6 5. Be2 O-O 6. Bg5 Na6 7. Qd2 c6 8. Nf3
Nc7 9. d5 cxd5 10. exd5 b5 11. cxb5 Bb7 12. Bc4 e6 13. O-O exd5 14. Bb3 Qd7 15.
Bxf6 Bxf6 16. a4 d4 17. Nxd4 Qg4 18. Nc6 Bxc6 19. bxc6 Rab8 20. Nd5 Nxd5 21.
Qxd5 Bxb2 22. Rab1 Ba3 23. Rfe1 Bc5 24. Re4 Qf5 25. Qxf5 gxf5 26. Re7 d5 27.
Rb7 Rxb7 28. cxb7 Rb8 29. Bxd5 Bd6 30. Rc1 Kg7 31. g3 f4 32. Kg2 Kf6 33. a5 Ke5
34. Bf3 fxg3 35. hxg3 f5 36. a6 f4 37. Re1+ Kf6 38. Bd5 fxg3 1-0

[Event "Korcsoportos Bajnokság u16f"]
[Site "Balatonlelle"]
[Date "2015.06.22"]
[Round "5.6"]
[White "Fodor, Balazs"]
[Black "Horvath, Kristof"]
[Result "1-0"]
[WhiteElo "1918"]
[BlackElo "1875"]
[PlyCount "39"]
[EventDate "2015.06.18"]
[EventType "swiss"]
[EventRounds "7"]
[EventCountry "HUN"]

1. d4 d5 2. c4 e6 3. Nc3 Nf6 4. Bg5 Be7 5. Qc2 h6 6. Bh4 O-O 7. cxd5 exd5 8.
Nf3 Be6 9. e3 Nbd7 10. Bd3 Ne8 11. Bg3 Nd6 12. Ne5 Qc8 13. f4 Nxe5 14. dxe5 Nc4
15. Nxd5 Bxd5 16. Bxc4 Bxg2 17. Qxg2 Bb4+ 18. Kf2 Rd8 19. Rhd1 Qg4 20. Qf3 1-0

[Event "Korcsoportos Bajnokság u16f"]
[Site "Balatonlelle"]
[Date "2015.06.22"]
[Round "5.7"]
[White "Czupor, Attila"]
[Black "Marton, Denes"]
[Result "1-0"]
[WhiteElo "2173"]
[BlackElo "1752"]
[PlyCount "51"]
[EventDate "2015.06.18"]
[EventType "swiss"]
[EventRounds "7"]
[EventCountry "HUN"]
[WhiteClock "0:33:32"]
[BlackClock "0:38:38"]

1. e4 c6 2. Nc3 d5 3. Qe2 d4 4. Nd1 e5 5. d3 c5 6. g3 Nc6 7. Bg2 Be6 8. f4 f6
9. Nf3 Qd7 10. O-O O-O-O 11. a3 h6 12. Bd2 Re8 13. Nf2 exf4 14. gxf4 g5 15.
Rae1 Bd6 16. e5 fxe5 17. Nxe5 Nxe5 18. fxe5 Bf5 19. Ne4 Bxe4 20. exd6 Bg6 21.
Qf3 Rxe1 22. Rxe1 Kd8 23. Ba5+ b6 24. Qa8+ Qc8 25. Qxa7 bxa5 26. Qb6+ 1-0

[Event "Korcsoportos Bajnokság u16f"]
[Site "Balatonlelle"]
[Date "2015.06.22"]
[Round "5.8"]
[White "Szukics, Adam"]
[Black "Koltai, Daniel"]
[Result "1-0"]
[WhiteElo "1985"]
[BlackElo "1680"]
[PlyCount "74"]
[EventDate "2015.06.18"]
[EventType "swiss"]
[EventRounds "7"]
[EventCountry "HUN"]
[WhiteClock "0:02:18"]
[BlackClock "0:06:44"]

1. e4 c5 2. Nf3 d6 3. d4 cxd4 4. Nxd4 Nf6 5. Nc3 g6 6. Be3 Bg7 7. f3 O-O 8. Qd2
Nc6 9. O-O-O d5 10. exd5 Nxd5 11. Nxc6 bxc6 12. Nxd5 cxd5 13. Qxd5 Qc7 14. Qc5
Qb7 15. b3 Bf5 16. Bd3 Rac8 17. Qa5 Qc6 18. Bxf5 gxf5 19. c4 e5 20. Rd5 Qg6 21.
Qd2 Qa6 22. Qa5 Qg6 23. Rd2 e4 24. f4 Rc6 25. Rhd1 Ba1 26. Rd8 Bf6 27. R8d5 Ba1
28. Rxf5 Qg7 29. Rg5 Rg6 30. Rxg6 hxg6 31. Qd2 Qf6 32. g3 Qa6 33. Kb1 Bg7 34.
Bd4 Rd8 35. Qc3 Rxd4 36. Rxd4 Qb6 37. c5 Bxd4 1-0

[Event "Korcsoportos Bajnokság u16f"]
[Site "Balatonlelle"]
[Date "2015.06.22"]
[Round "5.9"]
[White "Bege, Levente"]
[Black "Haselbach, David"]
[Result "1/2-1/2"]
[WhiteElo "2004"]
[BlackElo "1955"]
[PlyCount "43"]
[EventDate "2015.06.18"]
[EventType "swiss"]
[EventRounds "7"]
[EventCountry "HUN"]
[WhiteClock "1:01:36"]
[BlackClock "1:09:16"]

1. e4 c5 2. Nf3 d6 3. d4 cxd4 4. Nxd4 Nf6 5. Nc3 g6 6. Be3 Bg7 7. f3 O-O 8. Bc4
Nc6 9. Qd2 Bd7 10. O-O-O Rc8 11. Bb3 Nxd4 12. Bxd4 b5 13. e5 dxe5 14. Bxe5 Bc6
15. Qf2 Qa5 16. Bd4 b4 17. Bxf6 Bxf6 18. Nd5 Ba4 19. Qe3 Bxb3 20. Qxb3 Rfd8 21.
Rhe1 Qc5 22. Nxf6+ 1/2-1/2

[Event "Korcsoportos Bajnokság u16f"]
[Site "Balatonlelle"]
[Date "2015.06.22"]
[Round "5.10"]
[White "Mengyan, Marton"]
[Black "Szuhanszki, Gergely"]
[Result "1/2-1/2"]
[WhiteElo "1788"]
[BlackElo "1653"]
[PlyCount "25"]
[EventDate "2015.06.18"]
[EventType "swiss"]
[EventRounds "7"]
[EventCountry "HUN"]
[WhiteClock "1:05:09"]
[BlackClock "1:00:51"]

1. e4 d6 2. d4 Nf6 3. Nc3 g6 4. h3 Bg7 5. Nf3 O-O 6. Be3 c6 7. a4 a5 8. Qd2 Re8
9. Rd1 Na6 10. Bh6 Bh8 11. h4 Bg4 12. Qg5 Qb6 13. Qc1 1/2-1/2

[Event "Korcsoportos Bajnokság u16f"]
[Site "Balatonlelle"]
[Date "2015.06.22"]
[Round "5.11"]
[White "Toth, Viktor"]
[Black "Radacsi, Marton"]
[Result "0-1"]
[WhiteElo "1457"]
[BlackElo "1585"]
[PlyCount "46"]
[EventDate "2015.06.18"]
[EventType "swiss"]
[EventRounds "7"]
[EventCountry "HUN"]
[WhiteClock "0:48:40"]
[BlackClock "0:16:42"]

1. e4 e6 2. d4 d5 3. Nc3 Nf6 4. Bg5 Be7 5. e5 Nfd7 6. Bxe7 Qxe7 7. Qd2 c5 8. f4
a6 9. Nf3 Nc6 10. Be2 cxd4 11. Nxd4 Ndxe5 12. O-O-O Nd7 13. f5 Nf6 14. g4 Bd7
15. fxe6 fxe6 16. g5 Ng8 17. Nxc6 Bxc6 18. Bh5+ g6 19. Bf3 O-O-O 20. Rhe1 h6
21. gxh6 Rxh6 22. Nxd5 Bxd5 23. Bxd5 Rxd5 0-1

[Event "Korcsoportos Bajnokság u16f"]
[Site "Balatonlelle"]
[Date "2015.06.22"]
[Round "5.12"]
[White "Molnar, Tamas"]
[Black "Posztos, Marcell"]
[Result "0-1"]
[WhiteElo "1433"]
[BlackElo "1516"]
[PlyCount "50"]
[EventDate "2015.06.18"]
[EventType "swiss"]
[EventRounds "7"]
[EventCountry "HUN"]
[WhiteClock "0:15:18"]
[BlackClock "0:37:29"]

1. e4 e6 2. d4 d5 3. e5 c5 4. Bb5+ Bd7 5. Bxd7+ Nxd7 6. c3 Ne7 7. Bg5 Qb6 8.
Bxe7 Bxe7 9. Qd2 Rc8 10. Ne2 O-O 11. O-O Rc7 12. a4 Rfc8 13. dxc5 Bxc5 14. b4
Be7 15. a5 Qa6 16. f4 b6 17. Ra2 bxa5 18. Rxa5 Qb6+ 19. Kh1 f6 20. Qd4 Qb8 21.
Ra6 Qb5 22. Rxe6 Qxe2 23. Rd1 Nf8 24. Rxe7 Rxe7 25. Qxd5+ Kh8 0-1

[Event "Korcsoportos Bajnokság u16f"]
[Site "Balatonlelle"]
[Date "2015.06.23"]
[Round "6.1"]
[White "Marosi, Levente"]
[Black "Ugroczky, Peter"]
[Result "1/2-1/2"]
[WhiteElo "2205"]
[BlackElo "2108"]
[PlyCount "56"]
[EventDate "2015.06.18"]
[EventType "swiss"]
[EventRounds "7"]
[EventCountry "HUN"]
[WhiteClock "0:09:48"]
[BlackClock "0:23:15"]

1. e4 c5 2. c3 Nf6 3. e5 Nd5 4. Nf3 e6 5. Bc4 Nb6 6. Bb3 d6 7. exd6 Bxd6 8. d4
cxd4 9. cxd4 O-O 10. Nc3 Bd7 11. Bc2 g6 12. Bg5 Be7 13. Bxe7 Qxe7 14. O-O Bc6
15. Ne5 Rd8 16. a3 Bd5 17. Be4 Bxe4 18. Nxe4 N8d7 19. Qf3 Nd5 20. Rfe1 Nf8 21.
Rac1 f6 22. Nd3 Rac8 23. Rxc8 Rxc8 24. Nec5 Rd8 25. Qe4 Kf7 26. Qf3 Kg8 27. Qe4
Kf7 28. Qf3 Kg8 1/2-1/2

[Event "Korcsoportos Bajnokság u16f"]
[Site "Balatonlelle"]
[Date "2015.06.23"]
[Round "6.2"]
[White "Simon, Lili"]
[Black "Polyik, Peter"]
[Result "1/2-1/2"]
[WhiteElo "2012"]
[BlackElo "2143"]
[PlyCount "44"]
[EventDate "2015.06.18"]
[EventType "swiss"]
[EventRounds "7"]
[EventCountry "HUN"]
[WhiteClock "0:37:05"]
[BlackClock "0:54:30"]

1. Nf3 f5 2. g3 Nf6 3. Bg2 g6 4. d4 Bg7 5. O-O O-O 6. c4 e6 7. Nc3 d6 8. b3 Nc6
9. Bb2 e5 10. dxe5 dxe5 11. Qxd8 Rxd8 12. Nb5 Ne8 13. Ng5 e4 14. Bxg7 Kxg7 15.
Rad1 Rxd1 16. Rxd1 h6 17. Nh3 g5 18. f3 exf3 19. exf3 a6 20. Nd4 Nxd4 21. Rxd4
Be6 22. Nf2 Rb8 1/2-1/2

[Event "Korcsoportos Bajnokság u16f"]
[Site "Balatonlelle"]
[Date "2015.06.23"]
[Round "6.3"]
[White "Fodor, Balazs"]
[Black "Gorcsi, Gabor"]
[Result "1-0"]
[WhiteElo "1918"]
[BlackElo "2081"]
[PlyCount "131"]
[EventDate "2015.06.18"]
[EventType "swiss"]
[EventRounds "7"]
[EventCountry "HUN"]
[WhiteClock "0:03:47"]
[BlackClock "0:01:18"]

1. d4 Nf6 2. Nf3 g6 3. g3 Bg7 4. Bg2 O-O 5. O-O d6 6. c4 Nbd7 7. Nc3 c6 8. b3
a5 9. h3 Qc7 10. e4 Rd8 11. Be3 e5 12. Rc1 exd4 13. Nxd4 Nc5 14. Qc2 Re8 15.
Nde2 Be6 16. f4 Rad8 17. Rcd1 Qe7 18. Bf2 Bc8 19. Bxc5 dxc5 20. Nc1 Nd7 21.
N3e2 Nf8 22. Nd3 Ne6 23. Rfe1 Nd4 24. Nxd4 cxd4 25. c5 Qc7 26. a3 Be6 27. Nb2
b6 28. Na4 b5 29. Nb2 Qa7 30. Rc1 Ra8 31. Nd3 a4 32. b4 Rad8 33. Qf2 Bc4 34.
Rcd1 Qc7 35. Rd2 h5 36. h4 Re7 37. Bf3 Qd7 38. Qg2 Qe6 39. Kh2 Rc7 40. Rf1 Kh7
41. Qe2 Bh6 42. Re1 f6 43. Qf2 Rcd7 44. e5 Bxd3 45. Rxd3 Qc4 46. Qd2 Qe6 47.
exf6 Qxf6 48. Re4 Bg7 49. Qe2 Qf7 50. Re6 Rc7 51. Bxc6 Rxc6 52. Rxc6 Re8 53.
Qd2 Qd7 54. Rd6 Qg4 55. Qd1 Re2+ 56. Kg1 g5 57. fxg5 Be5 58. Rd7+ Kg8 59. Qf1
Qxd7 60. Qxe2 Qe6 61. Kg2 Qc4 62. g6 Qe6 63. Qxh5 Qa2+ 64. Kh3 Qf2 65. Qh7+ Kf8
66. Qf7+ 1-0

[Event "Korcsoportos Bajnokság u16f"]
[Site "Balatonlelle"]
[Date "2015.06.23"]
[Round "6.4"]
[White "Szukics, Adam"]
[Black "Papp, Tamas"]
[Result "0-1"]
[WhiteElo "1985"]
[BlackElo "2247"]
[PlyCount "67"]
[EventDate "2015.06.18"]
[EventType "swiss"]
[EventRounds "7"]
[EventCountry "HUN"]
[WhiteClock "0:03:30"]
[BlackClock "0:33:01"]

1. e4 c5 2. Nf3 e6 3. d4 cxd4 4. Nxd4 a6 5. Bd3 Nf6 6. O-O d6 7. c4 g6 8. Qe2
Bg7 9. Nc3 O-O 10. Rd1 Qc7 11. Nf3 Nc6 12. h3 Nd7 13. Be3 Nde5 14. Nxe5 dxe5
15. Rac1 Nd4 16. Qd2 Rd8 17. b4 f5 18. f3 f4 19. Bf2 g5 20. Qb2 h5 21. Be2 Bh6
22. Na4 g4 23. Bxd4 exd4 24. Rxd4 Bg7 25. Rxd8+ Qxd8 26. Qc2 Bd4+ 27. Kh1 e5
28. Bf1 Qh4 29. Nc5 Qg3 30. Qe2 gxh3 31. Rc2 Kh7 32. Nb3 Be3 33. Qd1 Be6 34.
gxh3 0-1

[Event "Korcsoportos Bajnokság u16f"]
[Site "Balatonlelle"]
[Date "2015.06.23"]
[Round "6.5"]
[White "Marta, Dominik"]
[Black "Czupor, Attila"]
[Result "0-1"]
[WhiteElo "2145"]
[BlackElo "2173"]
[PlyCount "100"]
[EventDate "2015.06.18"]
[EventType "swiss"]
[EventRounds "7"]
[EventCountry "HUN"]
[WhiteClock "0:01:51"]
[BlackClock "0:10:57"]

1. Nf3 Nf6 2. g3 d5 3. Bg2 c5 4. c4 e6 5. O-O Bd6 6. cxd5 exd5 7. d4 O-O 8. Nc3
Be6 9. dxc5 Bxc5 10. Bg5 Nc6 11. b3 d4 12. Bxf6 Qxf6 13. Ne4 Qe7 14. Nxc5 Qxc5
15. Rc1 Qb6 16. Qd3 h6 17. Rfd1 Rfd8 18. Qe4 Rd5 19. Bh3 Rd6 20. Bxe6 Rxe6 21.
Qd3 Rd8 22. Rc4 Red6 23. a3 a5 24. Kg2 Qb5 25. Rc2 Qd5 26. Rcd2 Qc5 27. a4 Qd5
28. Qc4 Qxc4 29. bxc4 Kf8 30. Ne1 Ne5 31. c5 Rd5 32. e4 Rxc5 33. Rxd4 Rxd4 34.
Rxd4 Rc4 35. Rxc4 Nxc4 36. Nd3 Ke7 37. f4 Kd6 38. g4 Nb6 39. Nb2 Kc5 40. e5 Kd4
41. Kf3 Kc3 42. Nd1+ Kb4 43. f5 Kxa4 44. h4 Kb3 45. g5 h5 46. g6 fxg6 47. e6
Nc8 48. Ke3 a4 49. Kd4 a3 50. Nc3 gxf5 0-1

[Event "Korcsoportos Bajnokság u16f"]
[Site "Balatonlelle"]
[Date "2015.06.23"]
[Round "6.7"]
[White "Szilassi, Abel"]
[Black "Bege, Levente"]
[Result "1/2-1/2"]
[WhiteElo "2064"]
[BlackElo "2004"]
[PlyCount "128"]
[EventDate "2015.06.18"]
[EventType "swiss"]
[EventRounds "7"]
[EventCountry "HUN"]
[WhiteClock "0:24:15"]
[BlackClock "0:23:09"]

1. e4 d6 2. d4 Nf6 3. Nc3 c6 4. Bg5 Nbd7 5. Bc4 Qa5 6. Qd2 b5 7. Bd3 e5 8. d5
Bb7 9. dxc6 Bxc6 10. Nxb5 Qxd2+ 11. Bxd2 Bxb5 12. Bxb5 Rb8 13. a4 Nxe4 14. Be3
a6 15. Bxa6 Rxb2 16. a5 d5 17. Bd3 Bb4+ 18. Kd1 Bc5 19. Bxe4 dxe4 20. Kc1 Rb7
21. Ne2 O-O 22. Rd1 f5 23. Bxc5 Nxc5 24. Rd5 Rc8 25. Kd2 Rb2 26. Ra3 Nd3 27.
Rc3 Rxc2+ 28. Rxc2 Rxc2+ 29. Kxc2 Nb4+ 30. Kc3 Nxd5+ 31. Kc4 Nc7 32. Kc5 Kf7
33. Kd6 Na6 34. Kxe5 g6 35. Nd4 Nb4 36. g3 Ke7 37. Nxf5+ gxf5 38. Kxf5 Kd6 39.
Kxe4 Kc5 40. f4 Nc6 41. a6 Kb6 42. Kd5 Nb4+ 43. Ke6 Nxa6 44. f5 Kc6 45. f6 Nc7+
46. Kf7 Kd7 47. Kg8 h5 48. Kg7 Ne6+ 49. Kg6 Ke8 50. h3 Kf8 51. h4 Kg8 52. Kxh5
Kf7 53. Kh6 Kxf6 54. g4 Nf4 55. Kh7 Ne6 56. Kh6 Nf4 57. g5+ Kf7 58. Kh7 Nh5 59.
g6+ Kf6 60. Kh6 Ng7 61. h5 Nxh5 62. Kxh5 Kg7 63. Kg5 Kg8 64. Kf5 Kg7 1/2-1/2

[Event "Korcsoportos Bajnokság u16f"]
[Site "Balatonlelle"]
[Date "2015.06.23"]
[Round "6.8"]
[White "Haselbach, David"]
[Black "Koltai, Daniel"]
[Result "1-0"]
[WhiteElo "1955"]
[BlackElo "1680"]
[PlyCount "95"]
[EventDate "2015.06.18"]
[EventType "swiss"]
[EventRounds "7"]
[EventCountry "HUN"]
[WhiteClock "0:19:49"]
[BlackClock "0:29:01"]

1. e4 c5 2. Nf3 d6 3. d4 cxd4 4. Nxd4 Nf6 5. Nc3 g6 6. Be3 Bg7 7. f3 O-O 8. Qd2
Nc6 9. O-O-O d5 10. Qe1 e5 11. Nxc6 bxc6 12. exd5 Nxd5 13. Bc4 Be6 14. Ne4 Qc7
15. Bc5 Rfe8 16. Qh4 h6 17. Ba3 Rad8 18. g4 a5 19. Rd2 g5 20. Qf2 Nb4 21. Bxe6
Rxe6 22. Kb1 Nd5 23. h4 gxh4 24. Qxh4 Rde8 25. g5 Rg6 26. Rg2 Ree6 27. Nc5 Rd6
28. Ne4 Rde6 29. Ng3 Nf4 30. Rd2 c5 31. Ne4 Rc6 32. Rhd1 Ne6 33. gxh6 Rxh6 34.
Qf2 Bf8 35. c3 Rg6 36. Rh1 Bh6 37. Rd5 Bf8 38. Qh2 Bh6 39. Qxe5 Qxe5 40. Rxe5
Bg7 41. Rf5 Rb6 42. Rd1 Rg2 43. Rd7 Bh6 44. Rfxf7 Rg1+ 45. Kc2 Rc1+ 46. Kd3
Rd1+ 47. Kc4 Rxd7 48. Rxd7 1-0

[Event "Korcsoportos Bajnokság u16f"]
[Site "Balatonlelle"]
[Date "2015.06.23"]
[Round "6.9"]
[White "Radacsi, Marton"]
[Black "Horvath, Kristof"]
[Result "0-1"]
[WhiteElo "1585"]
[BlackElo "1875"]
[PlyCount "148"]
[EventDate "2015.06.18"]
[EventType "swiss"]
[EventRounds "7"]
[EventCountry "HUN"]

1. e4 e5 2. Nf3 Nc6 3. d4 exd4 4. Bc4 Nf6 5. O-O Nxe4 6. Re1 d5 7. Bxd5 Qxd5 8.
Nc3 Qh5 9. Nxe4 Be6 10. Neg5 O-O-O 11. Nxe6 fxe6 12. Rxe6 Bd6 13. Bd2 Rhf8 14.
h3 h6 15. Qe2 Qf5 16. Qe4 Qxe4 17. Rxe4 Be7 18. Rae1 Bf6 19. b3 Rd7 20. Re8+
Rxe8 21. Rxe8+ Rd8 22. Rxd8+ Kxd8 23. Kf1 Kd7 24. Ke2 Ke6 25. a3 Ne7 26. Kd3
Kd5 27. Bf4 c5 28. g3 b5 29. Nd2 Nc8 30. Bb8 a6 31. Bc7 Kc6 32. Bb8 Kb7 33. Bf4
Nb6 34. Ke4 Kc6 35. Be5 Nd7 36. Bxf6 gxf6 37. Kf5 Kd5 38. Kg6 c4 39. bxc4+ bxc4
40. Kxh6 c3 41. Nb3 Nc5 42. Nc1 Ke4 43. Kg6 d3 44. cxd3+ Nxd3 45. Nb3 Nxf2 46.
Kxf6 Nxh3 47. Ke6 Nf2 48. Kd6 Kd3 49. Kd5 c2 50. a4 Nd1 51. g4 Ne3+ 52. Kc5
Nxg4 53. Kb4 Ne5 54. Ka3 Nc4+ 55. Ka2 Kc3 56. Nc1 Na5 57. Ne2+ Kd2 58. Kb2 Kxe2
59. Kxc2 Ke3 60. Kc3 Nb7 61. Kc4 Ke4 62. Kb4 Kd4 63. Ka3 Kc4 64. Ka2 Kb4 65.
Ka1 Kxa4 66. Kb1 Kb3 67. Ka1 a5 68. Kb1 a4 69. Ka1 a3 70. Kb1 Na5 71. Ka1 Nc4
72. Kb1 Ne3 73. Ka1 Nc2+ 74. Kb1 a2+ 0-1

[Event "Korcsoportos Bajnokság u16f"]
[Site "Balatonlelle"]
[Date "2015.06.23"]
[Round "6.10"]
[White "Marton, Denes"]
[Black "Mengyan, Marton"]
[Result "1-0"]
[WhiteElo "1752"]
[BlackElo "1788"]
[PlyCount "75"]
[EventDate "2015.06.18"]
[EventType "swiss"]
[EventRounds "7"]
[EventCountry "HUN"]
[WhiteClock "0:09:00"]
[BlackClock "0:03:27"]

1. d4 Nf6 2. c4 e6 3. Nc3 Bb4 4. Qc2 Nc6 5. Nf3 d6 6. a3 Bxc3+ 7. Qxc3 a5 8.
Bg5 h6 9. Bh4 g5 10. Bg3 Ne7 11. Nd2 Nh5 12. O-O-O f5 13. e3 Ng6 14. Bd3 Qf6
15. f3 e5 16. Rde1 O-O 17. Bf2 exd4 18. exd4 Nhf4 19. Bf1 Bd7 20. g3 Nh5 21.
Bd3 c6 22. Re2 Ng7 23. Rhe1 Rfe8 24. Rxe8+ Bxe8 25. Qb3 Qf7 26. Qc2 Bd7 27. Qc3
Qf6 28. Nb3 Qd8 29. Qc2 Qf6 30. Qc3 Qd8 31. c5 d5 32. Nd2 Qf6 33. Qb3 Bc8 34.
a4 Ne6 35. Qc3 g4 36. fxg4 fxg4 37. Be3 Qg7 38. Nb3 1-0

[Event "Korcsoportos Bajnokság u16f"]
[Site "Balatonlelle"]
[Date "2015.06.23"]
[Round "6.11"]
[White "Posztos, Marcell"]
[Black "Toth, Viktor"]
[Result "1-0"]
[WhiteElo "1516"]
[BlackElo "1457"]
[PlyCount "45"]
[EventDate "2015.06.18"]
[EventType "swiss"]
[EventRounds "7"]
[EventCountry "HUN"]
[WhiteClock "0:44:52"]
[BlackClock "0:22:34"]

1. d4 Nf6 2. c4 g6 3. Nc3 Bg7 4. e4 d6 5. f3 O-O 6. Be3 e5 7. d5 Ne8 8. Qd2 f5
9. g3 fxe4 10. fxe4 c5 11. O-O-O a6 12. h4 Kf7 13. Be2 Ke7 14. h5 Kd7 15. hxg6
hxg6 16. Nf3 Rg8 17. Ng5 Kc7 18. Rdf1 Nf6 19. Na4 b6 20. b4 a5 21. bxc5 bxc5
22. Qb2 Bd7 23. Nf7 1-0

[Event "Korcsoportos Bajnokság u16f"]
[Site "Balatonlelle"]
[Date "2015.06.23"]
[Round "6.12"]
[White "Szuhanszki, Gergely"]
[Black "Molnar, Tamas"]
[Result "1/2-1/2"]
[WhiteElo "1653"]
[BlackElo "1433"]
[PlyCount "50"]
[EventDate "2015.06.18"]
[EventType "swiss"]
[EventRounds "7"]
[EventCountry "HUN"]
[WhiteClock "0:50:22"]
[BlackClock "0:22:01"]

1. Nf3 Nc6 2. d4 d5 3. c4 e6 4. cxd5 exd5 5. Nc3 Nf6 6. g3 Bb4 7. Bd2 Bg4 8.
Nb5 Qd7 9. Ne5 Bxd2+ 10. Qxd2 Nxe5 11. dxe5 Qxb5 12. exf6 gxf6 13. e4 Qa4 14.
exd5 Qe4+ 15. Qe3 Qxe3+ 16. fxe3 Bf3 17. Bb5+ Ke7 18. O-O Bxd5 19. a3 c6 20. e4
Be6 21. Ba4 Rad8 22. Rf2 Rd6 23. Bc2 h6 24. Kf1 Rhd8 25. Ke1 Rd4 1/2-1/2

[Event "Korcsoportos Bajnokság u16f"]
[Site "Balatonlelle"]
[Date "2015.06.24"]
[Round "7.1"]
[White "Papp, Tamas"]
[Black "Marosi, Levente"]
[Result "1-0"]
[WhiteElo "2247"]
[BlackElo "2205"]
[PlyCount "61"]
[EventDate "2015.06.18"]
[EventType "swiss"]
[EventRounds "7"]
[EventCountry "HUN"]
[WhiteClock "0:04:17"]
[BlackClock "0:03:54"]

1. d4 Nf6 2. Nf3 g6 3. c4 Bg7 4. Nc3 O-O 5. Bf4 d6 6. h3 c5 7. d5 b5 8. Nxb5
Ne4 9. Qc1 a6 10. Nc3 Nxc3 11. bxc3 Qa5 12. Bd2 Nd7 13. e4 Nb6 14. a4 f5 15.
exf5 Bxf5 16. Be2 Nd7 17. O-O Nf6 18. Bh6 Rab8 19. Bxg7 Kxg7 20. Qe3 Rfe8 21.
Nh4 Bd7 22. Rab1 Qc7 23. Bd3 e6 24. Qg5 Rxb1 25. Rxb1 Ng8 26. Bxg6 hxg6 27.
Qxg6+ Kf8 28. Qh7 Ne7 29. Re1 Rb8 30. dxe6 Be8 31. Re3 1-0

[Event "Korcsoportos Bajnokság u16f"]
[Site "Balatonlelle"]
[Date "2015.06.24"]
[Round "7.2"]
[White "Ugroczky, Peter"]
[Black "Fodor, Balazs"]
[Result "1-0"]
[WhiteElo "2108"]
[BlackElo "1918"]
[PlyCount "67"]
[EventDate "2015.06.18"]
[EventType "swiss"]
[EventRounds "7"]
[EventCountry "HUN"]
[WhiteClock "0:19:36"]
[BlackClock "0:01:01"]

1. e4 e6 2. d4 d5 3. Nd2 Nc6 4. Ngf3 Nf6 5. e5 Nd7 6. c3 f6 7. exf6 Qxf6 8. Bd3
Bd6 9. Qc2 g6 10. Nf1 e5 11. Bg5 Qg7 12. dxe5 Ndxe5 13. Nxe5 Nxe5 14. O-O-O c6
15. Ng3 O-O 16. Be3 b5 17. h4 Nxd3+ 18. Qxd3 h6 19. Bd4 Qf7 20. h5 Bf4+ 21. Kb1
Kh7 22. Rde1 Bf5 23. Nxf5 gxf5 24. g4 Bd6 25. Rhg1 c5 26. gxf5 Rg8 27. f6+ Kh8
28. Rg6 Bf4 29. Re7 Rae8 30. Bxc5 Rxe7 31. fxe7 Bg5 32. Bd4+ Kh7 33. Rg7+ Kh8
34. Qh7# 1-0